000 00839nas a2200277 4500
001 BR9604023
003 BR-BrBNA
005 20231205095328.0
007 ta
008 230509b bl.|||p| |||| 00| 00por d
040 _aBR-BrBNA
_bpor
_cBiblioteca Nacional de Agricultura
041 _a(Pt)
072 _aL51
100 1 _aSakomura, N.K.
100 1 _aSerafim, G.S.
100 1 _aPinheiro, J.W.
100 1 _aResende, K.T.
100 1 _aJunqueira, O.M.
245 1 _aExigencias nutricionais de fosforo para galinhas poedeiras
650 _aGalinha para Postura
650 _aFosforo
650 _aExigencia Nutricional
773 0 _tRevista da Sociedade Brasileira de Zootecnia (Brazil)
_xISSN 0100-4859
_g(Nov-Dec 1995), v. 24(6) p. 936-951
_wBR9604023
909 _a202311
_bLúcia
_c55
_dLúcia Elande
942 _2AGRIS
_n0
_cANA
999 _c150079
_d150079